Algebraic Number Theory /

Uloženo v:
Podrobná bibliografie
Hlavní autor: Frohlich, A.
Další autoři: Taylor, M. J.
Médium: Sách giấy
Jazyk:English
Vydáno: Cambridge : Cambridge University , 1991
Tagy: Přidat tag
Žádné tagy, Buďte první, kdo otaguje tento záznam!
Thư viện lưu trữ: Thư viện Trường Đại học Đà Lạt
LEADER 00603nam a2200253 4500
001 DLU020011482
005 ##1/14/2000
041 # # |a eng 
082 # # |a 512.74  |b FR-A 
090 # # |a 512.74  |b FR-A 
100 # # |a Frohlich, A. 
245 # # |a Algebraic Number Theory /  |c Frohlich A., Taylor M. J. 
260 # # |a Cambridge :  |b Cambridge University ,  |c 1991 
300 # # |a X, 355 tr.;   |c 24 cm. 
700 # # |a Taylor, M. J. 
992 # # |a 18000 
994 # # |a DLU 
900 # # |a False 
911 # # |a Administrator 
925 # # |a G 
926 # # |a A 
927 # # |a SH 
980 # # |a Thư viện Trường Đại học Đà Lạt